00780nam a22002414a 45000010006000000050017000060080041000230350024000640400017000880350021001051000024001262450090001502600043002403000041002834900025003245040056003496500023004056500025004286530018004536530013004716530022004847000032005065048020230411090003.0071220s2006 sp a 000 0 spa  a(OCoLC)ocn184946541 aDRFGDcDRFGD a(OCoLC)1849465411 aVillafañe, Justo.10aPrincipios de teoría general de la imagen /cJusto Villafañe, Norberto Mínguez. aMadrid :bEdiciones Pirámide,cc2006 a342 p. :bill. (some col.) ;c23 cm.0 aColección "Medios" aIncludes bibliographical references (p. [339]-342). 0aVisual perception. 0aImagery (Psychology) aFotografía. aPintura. aCinematografía.1 aMínguez-Arranz, Norberto.